000 00607nam a2200217Ia 4500
003 GCL
008 140319s9999 xx 000 0 ara d
040 _aGCL /
_cGCL
082 0 4 _a155.4
_bم س
100 1 _aمصطفى فهمى
245 1 0 _aسيكولوجية الطفولة والمراهقة /
_cمصطفى فهمى
260 _a[S.N] :
_bمكتبة مصر
300 _a320 ص
490 _aفى علم النفس
_v0
650 0 4 _aالاطفال
650 0 4 _aعلم النفس
650 0 4 _aالمراهقة
650 0 4 _aالمراهقون
650 0 4 _aالابحاث
942 _2ddc
_cBK
999 _c36250
_d36250